00265nam a2200097Ia 4500008004100000100001900041245006100060260003000121300000800151650000800159191201s2011 xx 000 0 und d aAGRAWAL, Kirti 0aManagement Concept and Organisational Behaviour M.COM(P) aN. DelhibVikas Pubc2011 a288 aMBA